Bá Tước Tiểu Thư : Truyện tranh Tập 11
Câu chuyện diễn ra ở Pháp vào cuối thế kỷ XIX, thời kì Phồn hoa tươi đẹp. Corinne, cô gái trong sáng, hoạt bát lớn lên trong trại trẻ mồ côi đã có một mối tình trong sáng với chàng quý tộc mù Richard. Bên cạnh đó, bạn của Richard, Vua báo chí...
Đã lưu trong:
| 主要作者: | |
|---|---|
| 格式: | 图书 |
| 语言: | Vietnamese |
| 出版: |
H.
Văn Hóa Thông Tin
2010
|
| 主题: | |
| 标签: |
添加标签
没有标签, 成为第一个标记此记录!
|
| Thư viện lưu trữ: | Thư viện Trường Đại học Nam Cần Thơ |
|---|
| LEADER | 01148nam a22001937a 4500 | ||
|---|---|---|---|
| 001 | NCT_4_003654 | ||
| 008 | 240115b xxu||||| |||| 00| 0 vie d | ||
| 999 | |c 8056 |d 8056 | ||
| 020 | |c 5000 | ||
| 082 | 0 | 4 | |2 23rd ed. |a 895.63 |b H825/T.11 |
| 100 | 1 | |a Chieko, Hosokawa | |
| 245 | 1 | 0 | |a Bá Tước Tiểu Thư : |b Truyện tranh |n Tập 11 |c Chieko Hosokawa |
| 260 | |a H. |b Văn Hóa Thông Tin |c 2010 | ||
| 300 | |a 160 tr. |b Tranh vẽ |c 18cm | ||
| 520 | 3 | |a Câu chuyện diễn ra ở Pháp vào cuối thế kỷ XIX, thời kì Phồn hoa tươi đẹp. Corinne, cô gái trong sáng, hoạt bát lớn lên trong trại trẻ mồ côi đã có một mối tình trong sáng với chàng quý tộc mù Richard. Bên cạnh đó, bạn của Richard, Vua báo chí tuổi trẻ tài cao Alain lại tha thiết yêu cô. | |
| 653 | |a Tham khảo | ||
| 942 | |2 ddc |c BK | ||
| 952 | |0 0 |1 0 |2 ddc |4 0 |6 895_630000000000000_H825_T_11 |7 0 |9 28458 |a 000001 |b 000001 |d 2024-02-21 |o 895.63 H825/T.11 |p TK.03887 |r 2024-02-21 |v 5000.00 |w 2024-02-21 |y BK | ||
| 980 | |a Thư viện Trường Đại học Nam Cần Thơ | ||